00836nam a22002057a 450000500170000002000260001703500130004303700260005608200120008210000170009424501030011125000110021426000340022527000420025930000390030149000410034094200260038199900190040795202040042620170605101453.0 a9788131530573c650.00 aB-669701 bAsian Book Centre/Ven a535.028 aSharma, B.M. aPhysics for joint entrance examination JEE (Advanced) :b optics & modern physics /cby B.M.Sharma a2nd ed c2016aDelhibCengage Learning a418, F.I.E.,PatparganjbDelhie110092 c28cm(pbk)avarious pagings :bill. aCengage learning's exam crack series cEN2ddcmSHAh535.028 c140724d140724 001040708NFICaAVbAVd2017-06-05eBPPD/EN/2014-15/AV/16-17/413/15.2.2017/5057/28.2.2017/ 24.3.2017g650.00l9m5o535.028 SHApB-669701r2023-10-25 00:00:00s2023-08-09t1v650.00w2017-06-05yEN